000 00243nam a2200097Ia 4500
008 170619s9999 xx 000 0 und d
100 _aColin N Benwell
245 0 _aFundamentals of moleculer Spectroscopy
260 _bNew Delhi: TMH
260 _c2002
546 _aENGLISH
999 _c16552
_d16552